[Event "EU School-ch U09"]
[Site "Kallithea"]
[Date "2016.06.20"]
[Round "4"]
[White "Guvenoglu, Aydin Altar"]
[Black "Pevzner, Maks"]
[Result "1-0"]
[WhiteElo "1245"]
[BlackElo "1511"]
[PlyCount "109"]
[EventDate "2016.06.17"]
[EventType "swiss"]
[EventRounds "9"]
[EventCountry "GRE"]
[SourceTitle "EXT 2017"]
[Source "ChessBase"]
[SourceDate "2016.10.25"]
[SourceVersion "1"]
[SourceVersionDate "2016.10.25"]
[SourceQuality "1"]

1. d4 Nf6 2. c4 g6 3. f3 Bg7 4. e4 d6 5. Nc3 0-0 6. Nge2 e5 7. d5 Ne8 8. Ng3 f5 9. exf5 gxf5 10. f4 Qh4 11. Qh5 Bf6 12. Qxh4 Bxh4 13. Be2 Nf6 14. Bd2 Na6 15. 0-0-0 Bxg3 16. hxg3 Nc5 17. Rh3 Nce4 18. Be1 a6 19. Kb1 Bd7 20. Bf3 Nxc3+ 21. Bxc3 e4 22. Be2 b5 23. Rh6 Ng4 24. Bxg4 fxg4 25. Rdh1 Bf5 26. Kc1 bxc4 27. R1h5 Rf7 28. Rg5+ Kf8 29. Bf6 Bd7 30. Rgh5 Kg8 31. Rg6+ Kf8 32. Rgh6 Re8 33. Rxh7 Rxh7 34. Rxh7 Ba4 35. Rh8+ Kf7 36. Rxe8 Kxe8 37. Kd2 Bd7 38. Bd4 c6 39. dxc6 Bxc6 40. Ke3 Kf7 41. f5 d5 42. Kf4 Bd7 43. Kxg4 Ke7 44. Kf4 Kf7 45. g4 a5 46. g5 Kf8 47. g6 Kg8 48. f6 Kf8 49. Bc5+ Kg8 50. f7+ Kg7 51. f8Q+ Kxg6 52. Be7 d4 53. Qf6+ Kh7 54. Bf8 e3 55. Qg7# 1-0